<?xml version="1.0" encoding="UTF-8"?>
<record
    xmlns:xsi="http://www.w3.org/2001/XMLSchema-instance"
    xsi:schemaLocation="http://www.loc.gov/MARC21/slim http://www.loc.gov/standards/marcxml/schema/MARC21slim.xsd"
    xmlns="http://www.loc.gov/MARC21/slim">

  <leader>00829nas0a22002051i 4500</leader>
  <controlfield tag="001">v19\rc\2074893</controlfield>
  <controlfield tag="005">20240725233019.0</controlfield>
  <datafield tag="035" ind1=" " ind2=" ">
    <subfield code="a">(NLR Aleph) 005171951</subfield>
  </datafield>
  <datafield tag="090" ind1=" " ind2=" ">
    <subfield code="a">5076514</subfield>
    <subfield code="c">5076514</subfield>
  </datafield>
  <datafield tag="100" ind1=" " ind2=" ">
    <subfield code="a">20081218b1917    |||y0rusy50      ca</subfield>
  </datafield>
  <datafield tag="101" ind1="0" ind2=" ">
    <subfield code="a">rus</subfield>
  </datafield>
  <datafield tag="102" ind1=" " ind2=" ">
    <subfield code="a">RU</subfield>
  </datafield>
  <datafield tag="105" ind1=" " ind2=" ">
    <subfield code="a">y   z   |||||</subfield>
  </datafield>
  <datafield tag="200" ind1="1" ind2=" ">
    <subfield code="a">&#x415;&#x432;&#x440;&#x435;&#x439;&#x441;&#x43A;&#x438;&#x439; &#x43F;&#x440;&#x43E;&#x43B;&#x435;&#x442;&#x430;&#x440;&#x438;&#x439;</subfield>
    <subfield code="e">&#x413;. 1</subfield>
    <subfield code="f">&#x415;&#x432;&#x440;. &#x440;&#x430;&#x431;. &#x43F;&#x430;&#x440;&#x442;&#x438;&#x44F; &#x441;&#x43E;&#x446;&#x438;&#x430;&#x43B;&#x438;&#x441;&#x442;&#x43E;&#x432;-&#x442;&#x435;&#x440;&#x440;&#x438;&#x442;&#x43E;&#x440;&#x438;&#x430;&#x43B;&#x438;&#x441;&#x442;&#x43E;&#x432; ("&#x421;.-&#x421;.")</subfield>
  </datafield>
  <datafield tag="210" ind1=" " ind2=" ">
    <subfield code="a">&#x41F;&#x435;&#x442;&#x440;&#x43E;&#x433;&#x440;&#x430;&#x434;</subfield>
    <subfield code="c">&#x41C;.&#x423;. &#x428;&#x430;&#x442;&#x446;</subfield>
    <subfield code="d">1917</subfield>
  </datafield>
  <datafield tag="801" ind1=" " ind2="0">
    <subfield code="a">RU</subfield>
    <subfield code="b">NLR</subfield>
    <subfield code="g">psbo</subfield>
  </datafield>
  <datafield tag="801" ind1=" " ind2="1">
    <subfield code="a">RU</subfield>
    <subfield code="b">ProSoft-M</subfield>
    <subfield code="2">rusmarc</subfield>
  </datafield>
  <datafield tag="830" ind1=" " ind2=" ">
    <subfield code="a">&#x41F;&#x435;&#x440;&#x435;&#x447;&#x435;&#x43D;&#x44C; &#x438;&#x43C;&#x435;&#x44E;&#x449;&#x438;&#x445;&#x441;&#x44F; &#x432; &#x431;&#x438;&#x431;&#x43B;&#x438;&#x43E;&#x442;&#x435;&#x43A;&#x435; &#x442;&#x43E;&#x43C;&#x43E;&#x432;, &#x43D;&#x43E;&#x43C;&#x435;&#x440;&#x43E;&#x432;, &#x433;&#x43E;&#x434;&#x43E;&#x432; &#x44D;&#x442;&#x43E;&#x433;&#x43E; &#x438;&#x437;&#x434;&#x430;&#x43D;&#x438;&#x44F; &#x441;&#x43C;&#x43E;&#x442;&#x440;&#x438; &#x432; &#x43A;&#x430;&#x442;&#x430;&#x43B;&#x43E;&#x433;&#x435; &#x43F;&#x435;&#x440;&#x438;&#x43E;&#x434;&#x438;&#x447;&#x435;&#x441;&#x43A;&#x438;&#x445; &#x438;&#x437;&#x434;&#x430;&#x43D;&#x438;&#x439;</subfield>
  </datafield>
  <datafield tag="852" ind1=" " ind2=" ">
    <subfield code="a">NLR</subfield>
    <subfield code="j">3/3412</subfield>
  </datafield>
  <datafield tag="942" ind1=" " ind2=" ">
    <subfield code="c">SE</subfield>
  </datafield>
</record>
